<?xml version="1.0" encoding="UTF-8"?>
<record
    xmlns:xsi="http://www.w3.org/2001/XMLSchema-instance"
    xsi:schemaLocation="http://www.loc.gov/MARC21/slim http://www.loc.gov/standards/marcxml/schema/MARC21slim.xsd"
    xmlns="http://www.loc.gov/MARC21/slim">

  <leader>01252nam a22003131a 4500</leader>
  <controlfield tag="001">000019829</controlfield>
  <controlfield tag="005">20200120222036.0</controlfield>
  <controlfield tag="008">011220s1990    mx a   gr     000 0 spa d</controlfield>
  <datafield tag="020" ind1=" " ind2=" ">
    <subfield code="a">968243663X</subfield>
  </datafield>
  <datafield tag="082" ind1="0" ind2="4">
    <subfield code="a">636.3</subfield>
    <subfield code="b">O84</subfield>
  </datafield>
  <datafield tag="245" ind1="0" ind2="0">
    <subfield code="a">Ovinos /</subfield>
    <subfield code="c">basado en el trabajo de : Johan H. Koeslag; con la colaboraci&#xF3;n de : F. Kirchner Salinas... [et al] ; redaccion y revisi&#xF3;n de : F. Orozco Luna, Johan D. Berlijn.</subfield>
  </datafield>
  <datafield tag="250" ind1=" " ind2=" ">
    <subfield code="a">2a. ed.</subfield>
  </datafield>
  <datafield tag="260" ind1=" " ind2=" ">
    <subfield code="a">M&#xE9;xico :</subfield>
    <subfield code="b">Trillas,</subfield>
    <subfield code="c">1990.</subfield>
  </datafield>
  <datafield tag="300" ind1=" " ind2=" ">
    <subfield code="a">94p. :</subfield>
    <subfield code="b">il.</subfield>
  </datafield>
  <datafield tag="490" ind1="0" ind2=" ">
    <subfield code="a">Manuales para educaci&#xF3;n agropecuaria : producci&#xF3;n animal.</subfield>
    <subfield code="v">3</subfield>
  </datafield>
  <datafield tag="500" ind1=" " ind2=" ">
    <subfield code="a">Ejemplar En Biblioparque Funza: Colecci&#xF3;n Proveniente De La Antigua Biblioteca Municipal, Centro Cultural Bacat&#xE1;, Funza (Cundinamarca). ; 1a. ed., 6a. reimpresi&#xF3;n 1988, Con ISBN. 968241170x.</subfield>
  </datafield>
  <datafield tag="500" ind1=" " ind2=" ">
    <subfield code="a">Libro donado por la Secretar&#xED;a de Educaci&#xF3;n de Bogot&#xE1;</subfield>
  </datafield>
  <datafield tag="500" ind1=" " ind2=" ">
    <subfield code="a">5a. reimpresi&#xF3;n de 1999</subfield>
  </datafield>
  <datafield tag="650" ind1="1" ind2="4">
    <subfield code="a">Ovejas</subfield>
  </datafield>
  <datafield tag="650" ind1="2" ind2="4">
    <subfield code="a">Ganado lanar.</subfield>
  </datafield>
  <datafield tag="650" ind1="2" ind2="4">
    <subfield code="a">H&#xE1;bitos alimentaci&#xF3;n de los animales.</subfield>
  </datafield>
  <datafield tag="650" ind1="2" ind2="4">
    <subfield code="a">Lana.</subfield>
  </datafield>
  <datafield tag="650" ind1="2" ind2="4">
    <subfield code="a">Establos.</subfield>
  </datafield>
  <datafield tag="650" ind1="2" ind2="4">
    <subfield code="a">Reproducci&#xF3;n animal.</subfield>
  </datafield>
  <datafield tag="700" ind1="1" ind2=" ">
    <subfield code="a">Koeslag, Johan M.</subfield>
  </datafield>
  <datafield tag="700" ind1="1" ind2=" ">
    <subfield code="a">Kirchner Salinas, F.</subfield>
  </datafield>
  <datafield tag="700" ind1="1" ind2=" ">
    <subfield code="a">Orozco Luna F.,</subfield>
    <subfield code="e">revisor.</subfield>
  </datafield>
  <datafield tag="700" ind1="1" ind2=" ">
    <subfield code="a">Berlijn, Johan D.,</subfield>
    <subfield code="e">revisor.</subfield>
  </datafield>
  <datafield tag="999" ind1=" " ind2=" ">
    <subfield code="c">1162</subfield>
    <subfield code="d">1162</subfield>
  </datafield>
  <datafield tag="952" ind1=" " ind2=" ">
    <subfield code="0">0</subfield>
    <subfield code="1">0</subfield>
    <subfield code="2">ddc</subfield>
    <subfield code="4">0</subfield>
    <subfield code="7">0</subfield>
    <subfield code="8">GEN</subfield>
    <subfield code="a">BPMOS</subfield>
    <subfield code="b">BPMOS</subfield>
    <subfield code="d">2020-01-20</subfield>
    <subfield code="i">107280</subfield>
    <subfield code="l">1</subfield>
    <subfield code="o">636.3 O84</subfield>
    <subfield code="p">MOS004185</subfield>
    <subfield code="r">2026-03-18</subfield>
    <subfield code="s">2026-03-06</subfield>
    <subfield code="t">ej.1</subfield>
    <subfield code="w">2020-01-20</subfield>
    <subfield code="y">BK</subfield>
    <subfield code="z">Ocho d&#xED;as</subfield>
  </datafield>
</record>
